00719cam a22002537a 4500003000500000005001700005008004100022010000900063011000900072035000900081040000900090082001700099100001700116245006700133260003800200300003100238490002200269500001000291650003200301650001800333700003200351710006000383830002200443CHAP20220329133508.0971013s1990 r 00010 d a7063 a8035 a7260 cCHAP a080bL6 v.2900aHoyle, Fred.13aLa nube de la vidab: los orígenes de la vida en el universo aMéxico, D.F. :bGrijalbo,c1990 a214 p.b: ilus. ; gráfs. 4aLos noventav; 29 a64-2914aCienciaxExperimentación.14aVidaxOrigen.0 aWickramasinghe, N. Chandra.0 aConsejo Nacional para la Cultura y las Artes. México. 4aLos noventav; 29